Campioni di Moto GP - Statistics

Statistiche generali
  • Questo quiz è stato fatto 744 volte
    573 dall'ultimo reset
  • Il punteggio medio è 17 su 20
Statistiche sulle risposte
Hint Risposta % Corretto
2002 Valentino Rossi
99%
2003 Valentino Rossi
94%
2004 Valentino Rossi
94%
2005 Valentino Rossi
94%
2018 Marc Marquez
89%
2019 Marc Marquez
89%
2009 Valentino Rossi
89%
2016 Marc Marquez
88%
2017 Marc Marquez
88%
2008 Valentino Rossi
87%
2014 Marc Marquez
85%
2015 Jorge Lorenzo
83%
2013 Marc Marquez
83%
2021 Fabio Quartararo
80%
2010 Jorge Lorenzo
78%
2007 Casey Stoner
77%
2012 Jorge Lorenzo
77%
2020 Joan Mir
75%
2011 Casey Stoner
71%
2006 Nicky Hayden
65%
Nessun quiz corrispondente trovato
Distribuzione punteggi
Percentuale di utenti per punteggio
Percentile per numero di risposta
I tuoi punteggi nel tempo
Non hai fatto questo quiz dall'ultimo reset